Представление документа в формате RUSMARC

ПолеНазваниеЗначение
  Тип записи a
  Библиографический уровень a
001 Контрольный номер RU/CBS_UL/BASE/657765173
005 Дата корректировки 20240209175250.7
100 Данные общей обработки __
a Данные общей обработки 20201104d2020 ||| 0rusy0189 ca
101 Язык документа 0_
a Язык текста rus
102 Страна публикации __
a Страна публикации RU
105 Кодированные данные (монография) __
a Кодированные данные (монография) y###||||000|y
181 Поле кодированных данных: вид содержания _1
a Код вида содержания (ISBD) i#
b Код характеристики содержания (ISBD) #xxe##
d i
g x
h x
i e
2 Код системы (источник кода, отличный от ISBD) isbdcontent
182 Поле кодированных данных: тип средства _1
a Код типа средства (ISBD) n
2 Код системы (источник кода, отличный от ISBD) isbdmedia
200 Заглавие и сведения об ответственности 1_
a Заглавие "Грыбной ералаш"
b Общее обозначение материала Текст
e Сведения, относящиеся к заглавию [значение грибов в жизни русского народа; способы употребления в пищу и кулинарные рецепты приготовления грибов]
f Первые сведения об ответственности И. Сокольский, Н. Замятина
w Текст (визуальный) : непосредственный
203 Вид содержания и тип средства __
a Вид содержания Текст
b Характеристика содержания визуальный
c Тип средства непосредственный
333 Примечание о целевом назначении __
a Примечание о целевом назначении 12+
461 Уровень набора _0
1 2000
a Наука и жизнь
463 Уровень физической единицы _0
1 001RU/CBS_UL/BASE/639094973
1 2000
a № 4
v С.110-117, 4-я с. обл. : ил., фот.
1 210
d 2019
606 Тематические рубрики 0_
a Основная рубрика Грибная кулинария
610 Ключевые слова 0_
a Ключевые слова кулинария
a Ключевые слова грибы
a Ключевые слова собирательство грибов
a Ключевые слова приготовление блюд
a Ключевые слова рецепты
a Ключевые слова грибные рынки
a Ключевые слова грибные соусы
a Ключевые слова грибные щи
a Ключевые слова грибы сухие с хреном (рецепты)
a Ключевые слова селянка (рецепты)
a Ключевые слова пироги
a Ключевые слова пирог круглый с грибами (рецепты)
a Ключевые слова чёрные грибы (рецепты)
a Ключевые слова шампиньоны
a Ключевые слова вермишель с шампиньонами (рецепты)
a Ключевые слова тема грибов
686 Индексы других классификаций __
a Классификационный индекс 36.992.1
2 Код системы rubbk
700 Автор _1
a Фамилия Сокольский
b Имя (инициалы) И.
701 Альтернативная интеллектуальная ответственность _1
a Фамилия Замятина
b Имя (инициалы) Н.
801 Источник записи _0
a Страна RU
b Организация МБУК ЦБС г. Ульяновска
c Дата составления 20201104
g Правила каталогизации RCR
801 Источник записи _1
a Страна RU
b Организация МБУК ЦБС г. Ульяновска
c Дата составления 20201104
g Правила каталогизации RCR
901 Тип документа __
t Тип документа b
w Контрольный № источника RU/CBS_UL/BASE/639094973
910 Корректоры записи __
a Корректор записи Библиотека 1-2
938 Служебная информация __
a Имя БД period